|
|
|
|
| LEADER |
00969nam a22002777a 4500 |
| 001 |
43537 |
| 003 |
BD-DhAAL |
| 005 |
20241029114845.0 |
| 008 |
241029t2000 enkad||| |||| 00| 0 eng d |
| 020 |
|
|
|a 0340781696
|
| 040 |
|
|
|a BD-DhAAL
|d BD-DhAAL
|
| 082 |
|
|
|a 658.4/092
|
| 100 |
|
|
|a Burt, Vikky.
|9 57070
|
| 245 |
|
|
|a Test your management skills /
|c Vikky Burt.
|
| 260 |
|
|
|a London :
|b Hodder & Stoughton,
|c 2000 [tenth impression 2004].
|
| 300 |
|
|
|a 80 pages :
|b illustrations ;
|c 20 cm.
|
| 490 |
|
|
|a Test yourself
|
| 541 |
|
|
|a Savar Campus Library
|e 43537
|
| 650 |
|
|
|a Leadership.
|
| 650 |
|
|
|a Management.
|
| 650 |
|
|
|a Executive ability.
|
| 710 |
|
|
|a Institute of Management.
|
| 830 |
|
|
|a Test yourself
|9 57071
|
| 942 |
|
|
|2 ddc
|c BK
|
| 999 |
|
|
|c 47073
|d 47073
|
| 952 |
|
|
|0 0
|1 0
|2 ddc
|4 0
|6 658_409200000000000_BUR
|7 0
|9 76835
|a SCL
|b BRACUL
|c GEN
|d 2024-10-29
|e Savar Campus Library
|g 185.00
|l 0
|o 658.4092 BUR
|p 3020043537
|r 2024-10-29
|t 1
|w 2024-10-29
|y BK
|x Price available in register.
|